Heller als tausend Sonnen : das Schicksal der Atomforscher /

Hlavní autor: Jungk, Robert, 1913-1994
Jazyk: Němčina
Vydáno: Stuttgart : Deutschen Bücherbundes, [1971]
Fyzický popis: 351 s. + 1 příl. (15 s.)
Knihy
Uloženo v:
LEADER 00772nam a22002172a 4500
001 000302273
003 CZ BrMZK
005 20210730143641.0
007 ta
008 020710s1971 gw f |||| 0 ger d
020 |c 310.00 Kč 
040 |a BOA001  |b cze 
100 1 |a Jungk, Robert,  |d 1913-1994  |7 skuk0003313  |4 aut 
245 1 0 |a Heller als tausend Sonnen :  |b das Schicksal der Atomforscher /  |c Robert Jungk 
260 |a Stuttgart :  |b Deutschen Bücherbundes,  |c [1971] 
300 |a 351 s. +  |e 1 příl. (15 s.) 
910 |a BOA001  |b 2-0988.340 
990 |a BK 
991 |b 202107 
996 6 |b 2619771891  |c 2-0988.340  |l MZK  |r Sklad / do 1 hodiny  |n 0  |w 000302273  |u 000020  |a 1  |e BOA001  |j MZK50  |s P 
996 7 |b 2619865531  |c 2-0988.340  |l MZK  |r Sklad / do 1 hodiny  |n 2  |w 000302273  |u 000010  |a 1  |e BOA001  |j MZK50  |s A